One Piece - Lettre D - Statistiques

Statistiques générales
  • Ce quiz a été pris 132 fois
    82 depuis la dernière actualisation
  • Le résultat moyen est 18 sur 25
Statistiques - réponses
Indice Réponse % Correct
Lettre située entre le nom et le prénom d'un individus ayant une mystérieuse signification D
100%
Chef de l'armée révolutionnaire Dragon
100%
Grand corsaire extrêmement influant Doflamingo
94%
Etendard et signe d'appartenance à un équipage pirate Drapeau
92%
île Hivernale tous juste entrée dans le gouvernement mondial Drum
92%
île décrites principalement comme celle de la passion et des jouets Dressrosa
86%
Technique de jambe de Sanji. Jambe à la Diable
85%
Géant s'est battu à Little Garden pendant 100 ans Dorry
85%
profession du premier porteur du fruit du bistouri Docteur
82%
Grande famille étant passé de dragons célestes à famille de pirate Don Quichotte
82%
Dirigeant du gouvernement se considérant comme des dieux Dragons céleste
80%
Nom complet du grand corsaire le plus puissant Dracule Mihawk
78%
Coquillage au grand pouvoir utiliser a Skypiea Dial
77%
Lieutenant incarnant la couleur de carte carreaux, dans un célèbre équipage de pirate Diamante
77%
Un des neuf fourreaux rouge ( qui jouait double jeux ) Denjiro
75%
Jeux qui permettais au pirate de composé rapidement un équipage Davy Back Fight
74%
Portrait cracher de Sanji, selon le dessin de sa première prime Duval
69%
Nouveau chef du gouvernement de l'île de Drum, après avoir battu Wapol avec Luffy Dalton
66%
Fils de Big Mom possédant le pouvoir d'un génie Daifuku
65%
Second commandant du Baroque Works Daz Bonez
62%
modèle mythologique du fruit du poisson de Kaido Dragon Azur
54%
Vraie nom du fruit du démon de Kaido Dragon Azur
54%
Garde d'Impel down qui à inspecter Boa Hancock lors de son entrée avec Luffy Domino
49%
Nom complet de l'individu qui a usurpée l'identité de Luffy lors de l'arc retour à Sabaody Demalo Black
45%
Unité de puissance du membre du CP9 Fukuro Douriki
9%
Aucun quiz correspondant
Distribution des résultats
% des personnes avec chaque résultat
Percentile par nombre de réponses
Votre historique - résultats
Vous n’avez pas pris ce quiz depuis la dernière actualisation